| 000 | 01046nam a22003257a 4500 | ||
|---|---|---|---|
| 003 | CHAP | ||
| 005 | 20220817041516.0 | ||
| 008 | 971013s1964 r 00010 d | ||
| 010 | _a16512 | ||
| 011 | _a17484 | ||
| 035 | _a21567 | ||
| 040 | _cCHAP | ||
| 082 |
_a338.9 _bH68Y |
||
| 100 | 0 | 0 |
_aHoselitz, Bert F. _956404 |
| 245 | _aTeorías del crecimiento económico | ||
| 260 |
_aMéxico, D.F. : _bHerrero, _c1964 |
||
| 300 | _a456 p. | ||
| 590 |
_aBATCH-UPD _b10 _c20130110 _lUCH01 _h1024 |
||
| 590 |
_aBATCH-UPD _b10 _c20130410 _lUCH01 _h0629 |
||
| 590 |
_aBATCH-UPD _b10 _c20130914 _lUCH01 _h1148 |
||
| 590 |
_aCONVERSION _b10 _c20130109 _lUCH01 _h1310 |
||
| 650 | 1 | 4 | _aDesarrollo económico. |
| 650 | 1 | 4 |
_aEconomía. _935226 |
| 700 | 0 |
_aSpengler, Joseph J. _9109199 |
|
| 901 | _aBK | ||
| 942 | _cLIBRO | ||
| 949 |
_a338.9 H68Y _bBC _cLIBRO _d33724000277836 _eLIBRO _fc.3 _h12588 _i21567 _si |
||
| 949 |
_a338.9 H68Y _bBC _cLIBRO _d33724000277844 _eLIBRO _fc.2 _h4805 _i21567 _si |
||
| 949 |
_a338.9 H68Y _bBC _cLIBRO _d33724000277851 _eLIBRO _h4804 _i21567 _si |
||
| 999 |
_c16512 _d16512 |
||